000 00501nam a22001577a 4500
999 _c329787
_d329787
003 NUST
005 20170522160831.0
008 170522b xxu||||| |||| 00| 0 eng d
020 _a8120329643
040 _cDLC
082 _a658.78 CHI
100 _aCHITALE, A.K
_91280
245 _aMATERIALS MANAGEMENT:TEXT AND CASES
260 _aNEW DELHI
_bPRENTICE HALL OF INDIA
_c2006
300 _aXII,390 P
650 _aMATERIALS MANAGEMENT.
_91281
700 _aGUPTA , R.C
_91282
942 _cBK
_2ddc